| 000 -LEADER |
| fixed length control field |
03741cam a2200445 a 4500 |
| 001 - CONTROL NUMBER |
| control field |
14390136 |
| 003 - CONTROL NUMBER IDENTIFIER |
| control field |
NUST |
| 005 - DATE AND TIME OF LATEST TRANSACTION |
| control field |
20191219102645.0 |
| 008 - FIXED-LENGTH DATA ELEMENTS--GENERAL INFORMATION |
| fixed length control field |
060525r20072006nyuab b 001 0 eng |
| 010 ## - LIBRARY OF CONGRESS CONTROL NUMBER |
| LC control number |
2006047396 |
| 020 ## - INTERNATIONAL STANDARD BOOK NUMBER |
| International Standard Book Number |
9781400040247 |
| 020 ## - INTERNATIONAL STANDARD BOOK NUMBER |
| International Standard Book Number |
1400040248 |
| 035 ## - SYSTEM CONTROL NUMBER |
| System control number |
(OCoLC)ocm70046096 |
| 038 ## - RECORD CONTENT LICENSOR |
| Staff Name |
MSOHAIL |
| 040 ## - CATALOGING SOURCE |
| Original cataloging agency |
DLC |
| Transcribing agency |
DLC |
| Modifying agency |
BAKER |
| -- |
BTCTA |
| -- |
C#P |
| -- |
YDXCP |
| -- |
FVC |
| -- |
DLC |
| 043 ## - GEOGRAPHIC AREA CODE |
| Geographic area code |
e-uk--- |
| -- |
e-fr--- |
| 050 00 - LIBRARY OF CONGRESS CALL NUMBER |
| Classification number |
DA47.1 |
| Item number |
.T58 2007 |
| 082 00 - DEWEY DECIMAL CLASSIFICATION NUMBER |
| Classification number |
303.48241044 |
| Edition number |
22 |
| 100 1# - MAIN ENTRY--PERSONAL NAME |
| Personal name |
Tombs, Robert. |
| 9 (RLIN) |
27108 |
| 245 10 - TITLE STATEMENT |
| Title |
That sweet enemy : |
| Remainder of title |
the French and the British from the Sun King to the present / |
| Statement of responsibility, etc. |
Robert and Isabelle Tombs. |
| 250 ## - EDITION STATEMENT |
| Edition statement |
1st U.S. ed. |
| 260 ## - PUBLICATION, DISTRIBUTION, ETC. |
| Place of publication, distribution, etc. |
New York : |
| Name of publisher, distributor, etc. |
Knopf, |
| Date of publication, distribution, etc. |
2007. |
| 300 ## - PHYSICAL DESCRIPTION |
| Extent |
xxv, 782 p. : |
| Other physical details |
ill., maps ; |
| Dimensions |
25 cm. |
| 500 ## - GENERAL NOTE |
| General note |
Originally published: London : W. Heinemann, 2006. |
| 504 ## - BIBLIOGRAPHY, ETC. NOTE |
| Bibliography, etc. note |
Includes bibliographical references (p. 741-772) and index. |
| 520 ## - SUMMARY, ETC. |
| Summary, etc. |
"A brilliantly original account-narrated from both sides-of the love-hate relationship between Britain and France that began in the time of Louis XIV and shows no sigh of abating. That Sweet Enemy brings both British wit (Robert Tombs is a British historian) and Gallic panache (Isabelle Tombs is a French historian) to bear on three centuries of the history of Britain and France. The authors take us from Waterloo to Chiracʾs slandering of British cooking, charting the cross-channel entanglement and its unparalleled breadth of cultural, economic and political influence. They illuminate the complexity of the relationship - rivalry, enmity, misapprehension and loathing mixed with envy, admiration and genuine affection - and the ways in which it has shaped the modern world, from North America to the Middle East to Southeast Asia, and is still shaping Europe today. They make clear that warfare between the two countries often went hand in hand with hardy, if hidden, strains of anglophilia and francophilia; conversely, though France and Britain were allies for much of the nineteenth and twentieth centuries, it has been an alliance almost as uneasy, as competitive and as ambivalent as the previous generations of warfare. From the book jacket."--From source other than the Library of Congress |
| 520 ## - SUMMARY, ETC. |
| Summary, etc. |
Includes information on anglophobia, British Army, French Army, arts, Tony Blair, Winston Churchill, French economy, European integration, food, Charles de Gaulle, invasions and attempts, Ireland, Jacobites, London, Napoleon I, Napoleon III, British Navy, French Navy, Paris, William Pitt, religious conflict, revolutions, Scotland, William Shakespeare, sport, Charles Maurice de Tallyrand, Margaret Thatcher, trade, travel and tourism, treaties, United States of America, Francois-Marie Arouet de Voltaire, wars, Duke of Wellington, women, workers, etc. |
| 651 #0 - SUBJECT ADDED ENTRY--GEOGRAPHIC NAME |
| Geographic name |
Great Britain |
| General subdivision |
Relations |
| Geographic subdivision |
France. |
| 9 (RLIN) |
27109 |
| 651 #0 - SUBJECT ADDED ENTRY--GEOGRAPHIC NAME |
| Geographic name |
France |
| General subdivision |
Relations |
| Geographic subdivision |
Great Britain. |
| 9 (RLIN) |
27110 |
| 651 #0 - SUBJECT ADDED ENTRY--GEOGRAPHIC NAME |
| Geographic name |
Great Britain |
| General subdivision |
Civilization |
| -- |
French influences. |
| 9 (RLIN) |
27111 |
| 651 #0 - SUBJECT ADDED ENTRY--GEOGRAPHIC NAME |
| Geographic name |
France |
| General subdivision |
Civilization |
| -- |
British influences. |
| 9 (RLIN) |
27112 |
| 700 1# - ADDED ENTRY--PERSONAL NAME |
| Personal name |
Tombs, Isabelle. |
| 9 (RLIN) |
27113 |
| 856 42 - ELECTRONIC LOCATION AND ACCESS |
| Materials specified |
Contributor biographical information |
| Uniform Resource Identifier |
<a href="http://www.loc.gov/catdir/enhancements/fy0702/2006047396-b.html">http://www.loc.gov/catdir/enhancements/fy0702/2006047396-b.html</a> |
| 856 42 - ELECTRONIC LOCATION AND ACCESS |
| Materials specified |
Publisher description |
| Uniform Resource Identifier |
<a href="http://www.loc.gov/catdir/enhancements/fy0702/2006047396-d.html">http://www.loc.gov/catdir/enhancements/fy0702/2006047396-d.html</a> |
| 856 41 - ELECTRONIC LOCATION AND ACCESS |
| Materials specified |
Sample text |
| Uniform Resource Identifier |
<a href="http://www.loc.gov/catdir/enhancements/fy0704/2006047396-s.html">http://www.loc.gov/catdir/enhancements/fy0704/2006047396-s.html</a> |
| 856 41 - ELECTRONIC LOCATION AND ACCESS |
| Materials specified |
Table of contents only |
| Uniform Resource Identifier |
<a href="http://www.loc.gov/catdir/enhancements/fy0707/2006047396-t.html">http://www.loc.gov/catdir/enhancements/fy0707/2006047396-t.html</a> |
| 906 ## - LOCAL DATA ELEMENT F, LDF (RLIN) |
| a |
7 |
| b |
cbc |
| c |
orignew |
| d |
1 |
| e |
ocip |
| f |
20 |
| g |
y-gencatlg |
| 942 ## - ADDED ENTRY ELEMENTS (KOHA) |
| Source of classification or shelving scheme |
|
| Koha item type |
Book |